| Tag |
First Indicator |
Second Indicator |
Subfields |
| LEADER |
00000cas a2200000I 4500 |
| 001 |
in00002328107 |
| 005 |
20151108041331.0 |
| 008 |
800114c19769999azu r p s0 0eng d |
| 035 |
|
|
|a (OCoLC)ocm05868789
|
| 035 |
|
|
|a (OCoLC)5868789
|
| 040 |
|
|
|a AZU
|c AZU
|d OCL
|d TXA
|d UtOrBLW
|
| 049 |
|
|
|a TXAM
|
| 090 |
|
|
|a LD191.8.P63
|b C73
|
| 245 |
0 |
0 |
|a Creative writing newsletter.
|
| 264 |
|
1 |
|a Tucson, Ariz. :
|b Dept. of English, University of Arizona Poetry Center.
|
| 300 |
|
|
|a volumes :
|b illustrations ;
|c 22-28 cm.
|
| 336 |
|
|
|a text
|b txt
|2 rdacontent
|
| 337 |
|
|
|a unmediated
|b n
|2 rdamedia
|
| 338 |
|
|
|a volume
|b nc
|2 rdacarrier
|
| 362 |
0 |
|
|a v. 2, no. 1- Sept. 1977-
|
| 515 |
|
|
|a Preceded by 2 issues numbered 1, Nov. 1976 and 2, March 1977.
|
| 500 |
|
|
|a The Cushing Library/Lowman/Powell copy (volume 10:no.2) contains a quote from Lawrence Clark Powell.
|
| 580 |
|
|
|a The Cushing Library/Lowman/Powell copies form part of the Lawrence Clark Powell Section of the Al Lowman Printing Arts Collection and Research Archive.
|
| 610 |
2 |
0 |
|a University of Arizona.
|b Poetry Center
|v Periodicals.
|
| 610 |
2 |
0 |
|a University of Arizona
|v Periodicals.
|
| 710 |
2 |
|
|a University of Arizona.
|b Poetry Center.
|
| 700 |
1 |
|
|a Powell, Lawrence Clark,
|d 1906-2001.
|
| 773 |
0 |
|
|t Al Lowman Printing Arts Collection and Research Archive.
|
| 994 |
|
|
|a C0
|b TXA
|
| 948 |
|
|
|a cataloged
|b h
|c 2007/9/6
|d c
|e mjackson
|f 2:39:42 pm
|
| 999 |
|
|
|a MARS
|
| 999 |
f |
f |
|s 071cd9c6-1d7f-3240-b3b9-c476b61ae5c3
|i 8326edc2-b072-37e7-bff4-154bfea0b79e
|t 0
|
| 952 |
f |
f |
|p noncirc
|a Texas A&M University
|b College Station
|c Cushing Memorial Library & Archives
|d Cushing: Lowman (Does not check out)
|t 0
|e LD191.8.P63 C73
|h Library of Congress classification
|i unmediated -- volume
|
| 998 |
f |
f |
|a LD191.8.P63 C73
|s v.10:no.2 (1985:Nov.)
|t 0
|l Cushing: Lowman (Does not check out)
|